00268nam a2200133Ia 4500008004100000040000600041041001200047082001000059100001100069245002600080245001100106260000800117260000900125141004s9999 xx 000 0 und d ca aEnglish aG-197 a KAU aKAU Academic handbook c KAU bKAU c2009